| 000 | 01475nam a2200397Ii 4500 | ||
|---|---|---|---|
| 001 | DIGVEDIV0596 | ||
| 003 | NyNyDIG | ||
| 006 | m o d | ||
| 007 | cr ||||||||||| | ||
| 008 | 250304s2024 sp a o 000 0 spa d | ||
| 035 | _a(OCoLC)1507373728 | ||
| 040 |
_aDGITA _beng _erda _epn _cDGITA |
||
| 020 |
_a9788410630307 _qeBook |
||
| 020 |
_z9788410630291 _qimpreso |
||
| 050 | 1 | 4 | _aBV600 ebook |
| 245 | 0 | 0 |
_aMirada compasiva : _btiempo ordinario : ciclo B, del 8 de septiembre al 24 de noviembre 2024. |
| 264 | 1 |
_aEstella (Navarra), España : _bEditorial Verbo Divino, _c[2024] |
|
| 300 |
_a1 online resource : _billustrations. |
||
| 336 |
_atext _btxt _2rdacontent |
||
| 337 |
_acomputer _bc _2rdamedia |
||
| 338 |
_aonline resource _bcr _2rdacarrier |
||
| 347 |
_atext file _2rdaft |
||
| 347 | _bPDF | ||
| 490 | 1 |
_aEucaristía ; _v6 |
|
| 588 | 0 | _aOnline resource; title from PDF title page (Digitalia, viewed March 4, 2025) | |
| 650 | 0 | _aChristianity. | |
| 650 | 0 | _aLord's Supper. | |
| 650 | 0 | _aChristian life. | |
| 776 | 0 | 8 |
_iPrint version: _tMirada compasiva. _dEstella (Navarra), España : Editorial Verbo Divino, [2024] _z9788410630291 |
| 791 | 2 |
_aDigitalia (Firm), _edistributor. |
|
| 793 | 0 |
_gDigitalia eBook Collection: _aEditorial Verbo Divino |
|
| 830 | 0 |
_aEucaristía (Editorial Verbo Divino) ; _v6. |
|
| 856 | 4 | 0 |
_3Digitalia Hispánica _uhttps://www.digitaliapublishing.com/a/158402/ |
| 910 | _aPremium collection: 2025 | ||
| 942 | _cRAA | ||
| 999 |
_c287628 _d287628 |
||